Bí quyết để trở thành nhà quản lí giỏi

Phân tích bốn bí quyết giúp ban trở thành nhà quản lí giỏi: chọn người có tài năng, xác định đúng mục đích công việc, nhắm vào sức mạnh và tìm một vị trí thích hợp cho nhân viên, xác định đúng mục đích công việc

Uloženo v:
Podrobná bibliografie
Další autoři: Vũ Minh Tú (Dịch)
Médium: Kniha
Jazyk:Vietnamese
Vydáno: Tp. Hồ Chí Minh Nxb. Trẻ 2005
Témata:
Tagy: Přidat tag
Žádné tagy, Buďte první, kdo otaguje tento záznam!
Thư viện lưu trữ: Mạng thư viện Đại học Đà Nẵng
LEADER 01418nam a22003618a 4500
001 000015154
003 11530
005 20120522150547.0
008 120522s2005 b 000 0 vieod
020 |c 21000đ  |d 1500b 
041 0 |a vie 
080 |a 301.5 
082 |a 658.4  |b VU-T 
084 |a Ô550.37  |b B300Q 
245 1 0 |a Bí quyết để trở thành nhà quản lí giỏi  |c Vũ Minh Tú biên dịch 
260 |a Tp. Hồ Chí Minh  |b Nxb. Trẻ  |c 2005 
300 |a 220tr : hình vẽ  |c 20cm 
500 |a Phụ lục: tr. 210-214 
520 |a Phân tích bốn bí quyết giúp ban trở thành nhà quản lí giỏi: chọn người có tài năng, xác định đúng mục đích công việc, nhắm vào sức mạnh và tìm một vị trí thích hợp cho nhân viên, xác định đúng mục đích công việc 
653 |a Nhà quản lí 
653 |a Xã hội học 
653 |a Bí quyết 
700 1 |a Vũ Minh Tú  |e Dịch 
OWN |a LSP 
AVA |a UDN50  |b LSP  |d 658.4 VU-T  |e available  |t Error 5001 Not defined in file expand_doc_bib_avail.  |f 1  |g 0  |h N  |i 0  |k 1 
999 |a From the UDN01 
AVA |a UDN50  |b LSP  |d 658.4 VU-T  |e available  |t Error 5001 Not defined in file expand_doc_bib_avail.  |f 1  |g 0  |h N  |i 0  |k 1 
TYP |a Monograph 
TYP |a Printed language 
980 |a Mạng thư viện Đại học Đà Nẵng